[Event "Santa Cruz Potiguar-ch"]
[Site "Santa Cruz"]
[Date "2016.12.18"]
[Round "4"]
[White "Dantas, David Luan de Barro"]
[Black "De Lima, Francisco Andre Da"]
[Result "1/2-1/2"]
[WhiteElo "1833"]
[BlackElo "1754"]
[PlyCount "129"]
[EventDate "2016.12.17"]
[EventType "swiss"]
[EventRounds "5"]
[EventCountry "BRA"]
[SourceTitle "CBM 176 Extra"]
[Source "ChessBase"]
[SourceDate "2017.03.02"]
[SourceVersion "1"]
[SourceVersionDate "2017.03.02"]
[SourceQuality "1"]

1. d4 Nf6 2. c4 e6 3. Nc3 d5 4. Bg5 Be7 5. Nf3 0-0 6. e3 Nbd7 7. Qc2 h6 8. Bh4 c6 9. Be2 Re8 10. 0-0 Bd6 11. e4 dxe4 12. Nxe4 Be7 13. a3 a5 14. b3 Nxe4 15. Bxe7 Qxe7 16. Qxe4 Nf6 17. Qe3 Nd7 18. Rfe1 c5 19. Bd3 cxd4 20. Nxd4 e5 21. Nf5 Qc5 22. Qg3 g6 23. Nxh6+ Kg7 24. Nf5+ Kf8 25. Nh4 Nf6 26. Qf3 Kg7 27. Qe3 Qxe3 28. Rxe3 e4 29. Rae1 exd3 30. Rxe8 d2 31. Rd1 Nxe8 32. Rxd2 Be6 33. Nf3 Kf6 34. Nd4 Rd8 35. Kf1 Ng7 36. Ke2 Nf5 37. Nxe6 Rxd2+ 38. Kxd2 Kxe6 39. Kc3 Kd6 40. g3 Kc5 41. b4+ axb4+ 42. axb4+ Kc6 43. Kd3 b5 44. c5 Kd5 45. h3 g5 46. c6 Kxc6 47. Ke4 Ne7 48. h4 f5+ 49. Kf3 Kd5 50. hxg5 Kc4 51. Kf4 Kxb4 52. Ke5 Kc5 53. Ke6 Ng6 54. Kf6 b4 55. Kxg6 b3 56. Kf7 b2 57. g6 b1Q 58. g7 Qb3+ 59. Kf8 Qb8+ 60. Kf7 Qc7+ 61. Kf8 Qd6+ 62. Kf7 Qd5+ 63. Kf8 Qd6+ 64. Kg8 Qd5+ 65. Kf8 1/2-1/2

[Event "Santa Cruz Potiguar-ch"]
[Site "Santa Cruz"]
[Date "2016.12.18"]
[Round "5"]
[White "De Lima, Francisco Andre Da"]
[Black "Da Silva Araujo, Gabriel Victor"]
[Result "0-1"]
[WhiteElo "1754"]
[BlackElo "1907"]
[PlyCount "46"]
[EventDate "2016.12.17"]
[EventType "swiss"]
[EventRounds "5"]
[EventCountry "BRA"]
[SourceTitle "CBM 176 Extra"]
[Source "ChessBase"]
[SourceDate "2017.03.02"]
[SourceVersion "1"]
[SourceVersionDate "2017.03.02"]
[SourceQuality "1"]

1. e4 c5 2. Nf3 d6 3. d4 cxd4 4. Nxd4 Nf6 5. Nc3 g6 6. Bc4 Bg7 7. 0-0 0-0 8. Kh1 Nxe4 9. Bxf7+ Rxf7 10. Nxe4 Nc6 11. Be3 Nxd4 12. Bxd4 e5 13. Be3 d5 14. Ng5 Rf5 15. Ne4 Be6 16. Ng3 Rf7 17. c3 Qh4 18. a4 d4 19. cxd4 exd4 20. Bd2 Bc4 21. Re1 Rxf2 22. Rc1 Bd5 23. Rg1 Qh3 0-1